International trade and exchange rate volatility.

Výskum dopadu nestálosti výmenných kurzov na toky v medzinárodnom obchode. Otázka negatívnych vzťahov medzi obchodom a nestálosťou výmenných kurzov. Obchodné toky majúce prospech z nestálosti výmenných kurzov a obchodné toky majúce stratu z nestálosti výmenných kurzov. Perspektívne trhy.

Na minha lista:
Detalhes bibliográficos
Autor principal: Viaene, J.-M
Outros Autores: Vries, C.G.de
Formato: Capítulo de Livro
Idioma:inglês
Assuntos:
Tags: Adicionar Tag
Sem tags, seja o primeiro a adicionar uma tag!

MARC

LEADER 00000naa a2200000 4500
001 r011067
005 20221130112811.4
041 0 |a eng 
044 |a NL 
245 1 0 |a International trade and exchange rate volatility.  |c J.-M. Viaene, C.G.de Vries 
520 |a Výskum dopadu nestálosti výmenných kurzov na toky v medzinárodnom obchode. Otázka negatívnych vzťahov medzi obchodom a nestálosťou výmenných kurzov. Obchodné toky majúce prospech z nestálosti výmenných kurzov a obchodné toky majúce stratu z nestálosti výmenných kurzov. Perspektívne trhy. 
610 2 0 |a obchod medzinárodný 
610 2 0 |a kurz výmenný 
610 2 0 |a trh medzinárodný 
610 2 0 |a tok tovaru 
610 2 0 |a dovoz 
610 2 0 |a vývoz 
610 2 0 |a riziko 
610 2 0 |a mena 
100 1 |a Viaene, J.-M. 
700 1 |a Vries, C.G.de